The power of failure : 27 ways to turn life's setbacks into success

Bibliographic Details
Main Author: Manz, Charles C
Format: Book
Published: San Francisco : BK , 2002
Subjects:

MARC

LEADER 00000cam a2200000 7i4500
001 0000039482
005 20140102.0
008 131227
020 |a 1576751325 
090 0 0 |a 158.1   |b MAN 
100 1 |a Manz, Charles C 
245 1 4 |a The power of failure :   |b 27 ways to turn life's setbacks into success   |c Charles C. Manz 
260 |a San Francisco :   |b BK ,   |c 2002 
650 0 |a Failure (Psychology) 
650 0 |a Success 
999 |a 0001257593   |b Book   |c Adult Collection   |e Perbadanan Perpustakaan Awam Johor